Sabrina Carpenter - fruitcake - Statistics

General Stats
  • This quiz has been taken 53 times
  • The average score is 5 of 6
Answer Stats
2023 fruitcake % Correct
4 cindy lou who
93%
1 A Nonsense Christmas
91%
2 buy me presents
91%
5 is it new years yet?
85%
3 santa doesn't know you like i do
83%
6 white xmas
72%
No matching quizzes found
Score Distribution
Percent of People with Each Score
Percentile by Number Answered
Your Score History
You have not taken this quiz